[Event "Medellin Flores op 24th"]
[Site "Medellin"]
[Date "2017.08.06"]
[Round "7"]
[White "Restrepo Loaiza, Luis Fernando"]
[Black "Escobar Medina, Andres F"]
[Result "1/2-1/2"]
[WhiteElo "2156"]
[BlackElo "2297"]
[PlyCount "84"]
[EventDate "2017.08.03"]
[EventType "swiss"]
[EventRounds "9"]
[EventCountry "COL"]
[SourceTitle "CBM 179 Extra"]
[Source "ChessBase"]
[SourceDate "2017.08.23"]
[SourceVersion "1"]
[SourceVersionDate "2017.08.23"]
[SourceQuality "1"]

1. e4 g6 2. d4 Bg7 3. Nc3 d6 4. Be3 a6 5. Nf3 b5 6. Bd3 Bb7 7. 0-0 Nd7 8. Qd2 c5 9. Rfe1 cxd4 10. Bxd4 Ngf6 11. e5 dxe5 12. Nxe5 0-0 13. Rad1 Qc7 14. a3 Rad8 15. Qe3 Nxe5 16. Bxe5 Qc6 17. Qh3 Bc8 18. Qh4 Bb7 19. Bf1 Rxd1 20. Rxd1 Rc8 21. Qd4 Nh5 22. Bxg7 Nxg7 23. Qd7 Nf5 24. Qxc6 Bxc6 25. Bd3 Nd6 26. f3 Kf8 27. Kf2 a5 28. Ne2 Bd7 29. c3 Bf5 30. Bxf5 gxf5 31. Rd5 b4 32. Rxa5 bxc3 33. bxc3 e6 34. a4 f4 35. Rh5 Rc4 36. Rxh7 Rxa4 37. Rh4 e5 38. g3 fxg3+ 39. hxg3 Ra2 40. Rb4 Ke7 41. g4 f5 42. Ke3 fxg4 1/2-1/2

[Event "Medellin Flores op 24th"]
[Site "Medellin"]
[Date "2017.08.05"]
[Round "5"]
[White "Hernandez Pinzon, Helvert"]
[Black "Restrepo Loaiza, Luis Fernando"]
[Result "1/2-1/2"]
[WhiteElo "2002"]
[BlackElo "2156"]
[PlyCount "87"]
[EventDate "2017.08.03"]
[EventType "swiss"]
[EventRounds "9"]
[EventCountry "COL"]
[SourceTitle "CBM 179 Extra"]
[Source "ChessBase"]
[SourceDate "2017.08.23"]
[SourceVersion "1"]
[SourceVersionDate "2017.08.23"]
[SourceQuality "1"]

1. e4 c5 2. Nf3 d6 3. d4 Nf6 4. Nc3 cxd4 5. Nxd4 a6 6. Be3 e5 7. Nb3 Be6 8. f3 Nbd7 9. Qd2 b5 10. 0-0-0 Nb6 11. Qf2 Nfd7 12. g4 Be7 13. h4 0-0 14. Kb1 Rc8 15. g5 Rxc3 16. bxc3 Na4 17. Bd2 Qc7 18. Qe3 Rc8 19. Be1 Ndb6 20. h5 Qd8 21. Rg1 g6 22. hxg6 hxg6 23. f4 Nc4 24. Qg3 exf4 25. Qh4 Bf8 26. Qxf4 Bg7 27. Rd3 b4 28. Bh3 Na3+ 29. Kc1 Bxh3 30. Rxh3 Nxc3 31. Bxc3 Bxc3 32. Rf1 Qe7 33. Qh4 Bg7 34. Qh7+ Kf8 35. Qxg6 Rc7 36. Rh7 Rxc2+ 37. Kd1 Qe5 38. Rxg7 Qxg7 39. Qxd6+ Kg8 40. Qd8+ Qf8 41. Qxf8+ Kxf8 42. g6 Rc7 43. Rxf7+ Rxf7 44. gxf7 1/2-1/2

[Event "American Continental 13th"]
[Site "Medellin"]
[Date "2017.06.15"]
[Round "8"]
[White "Restrepo Loaiza, Luis Fernando"]
[Black "Pachon Gutierrez, Adriana Paola"]
[Result "1-0"]
[WhiteElo "2167"]
[BlackElo "2006"]
[PlyCount "67"]
[EventDate "2017.06.10"]
[EventType "swiss"]
[EventRounds "11"]
[EventCountry "COL"]
[SourceTitle "CBM 178 Extra"]
[Source "ChessBase"]
[SourceDate "2017.06.22"]
[SourceVersion "1"]
[SourceVersionDate "2017.06.22"]
[SourceQuality "1"]

1. a3 e5 2. c4 f5 3. d4 exd4 4. Qxd4 Nc6 5. Qd3 d6 6. Nf3 Be7 7. g3 Bf6 8. Nc3 Nge7 9. Bg2 Be6 10. Nd5 Bxd5 11. cxd5 Ne5 12. Qb3 0-0 13. Nd4 Qd7 14. Ne6 Rfc8 15. f4 Nf7 16. e4 g6 17. 0-0 c5 18. g4 fxg4 19. Qg3 c4 20. Qxg4 Kh8 21. Rb1 Ng8 22. Qe2 Qe7 23. Rf3 Bg7 24. Bd2 b5 25. Nxg7 Kxg7 26. Bc3+ Kf8 27. Re1 Re8 28. Qf2 Nf6 29. Qd4 Nh5 30. Rh3 Nh6 31. Qh8+ Ng8 32. Bf3 Qf7 33. Bxh5 gxh5 34. Rxh5 1-0

[Event "American Continental 13th"]
[Site "Medellin"]
[Date "2017.06.12"]
[Round "4"]
[White "Arboleda, Juan Manuel"]
[Black "Restrepo Loaiza, Luis Fernando"]
[Result "0-1"]
[WhiteElo "1875"]
[BlackElo "2167"]
[PlyCount "94"]
[EventDate "2017.06.10"]
[EventType "swiss"]
[EventRounds "11"]
[EventCountry "COL"]
[SourceTitle "CBM 178 Extra"]
[Source "ChessBase"]
[SourceDate "2017.06.22"]
[SourceVersion "1"]
[SourceVersionDate "2017.06.22"]
[SourceQuality "1"]

1. e4 c5 2. Nf3 d6 3. d4 cxd4 4. Nxd4 Nf6 5. Nc3 a6 6. Bc4 e6 7. Bb3 Be7 8. g4 0-0 9. Rg1 Nc6 10. Be3 Nd7 11. Qe2 Nc5 12. 0-0-0 Nxd4 13. Bxd4 Bd7 14. g5 b5 15. Qh5 Nxb3+ 16. axb3 b4 17. Na4 e5 18. Bb6 Qe8 19. Rd3 f5 20. Qxe8 Raxe8 21. f3 Bc6 22. Bc7 fxe4 23. fxe4 Bxe4 24. Rd2 Rf5 25. h4 d5 26. Nb6 Bc5 27. Re1 Bf2 28. Rf1 Be3 29. Rxf5 Bxf5 30. Nxd5 Bxd2+ 31. Kxd2 Kf7 32. Nxb4 Re6 33. c4 Kg6 34. c5 Kh5 35. Bd8 Kxh4 36. g6+ Kg3 37. gxh7 Bxh7 38. Ke3 Bf5 39. c6 g5 40. c7 Rd6 41. Be7 Rb6 42. Bc5 Rb5 43. Bd6 Kh3 44. Kf2 g4 45. Nxa6 g3+ 46. Ke1 Rd5 47. Bc5 Rxc5 0-1

[Event "Medellin Flores op 20th"]
[Site "Medellin"]
[Date "2014.08.09"]
[Round "7"]
[White "Restrepo Loaiza, Luis Fernando"]
[Black "Ramirez, Benjamin Dario"]
[Result "1-0"]
[WhiteElo "2162"]
[BlackElo "2219"]
[PlyCount "56"]
[EventDate "2014.08.06"]
[EventType "swiss"]
[EventRounds "9"]
[EventCountry "COL"]
[SourceTitle "CBM 162 Extra"]
[Source "ChessBase"]
[SourceDate "2014.10.17"]
[SourceVersion "1"]
[SourceVersionDate "2014.10.17"]
[SourceQuality "1"]

1. Nf3 Nf6 2. g3 g6 3. Bg2 Bg7 4. c4 c5 5. Nc3 0-0 6. d3 Nc6 7. Bg5 h6 8. Bd2 d6 9. 0-0 Be6 10. a3 Qd7 11. e4 Rac8 12. Nd5 Bg4 13. Bc3 Kh7 14. Re1 e5 15. Qa4 Rfd8 16. Kf1 Bh3 17. Ng1 Bxg2+ 18. Kxg2 b6 19. b4 Qb7 20. b5 Nd4 21. Nxf6+ Bxf6 22. Bxd4 cxd4 23. h4 Bg7 24. h5 Qd7 25. Qd1 Rg8 26. a4 Bf6 27. Nf3 Qg4 28. hxg6+ Rxg6 1-0

[Event "Medellin Flores op 20th"]
[Site "Medellin"]
[Date "2014.08.07"]
[Round "3"]
[White "Restrepo Loaiza, Luis Fernando"]
[Black "Chirivi Castiblanco, Angie Lizeth"]
[Result "1-0"]
[WhiteElo "2162"]
[BlackElo "2031"]
[PlyCount "93"]
[EventDate "2014.08.06"]
[EventType "swiss"]
[EventRounds "9"]
[EventCountry "COL"]
[SourceTitle "CBM 162 Extra"]
[Source "ChessBase"]
[SourceDate "2014.10.17"]
[SourceVersion "1"]
[SourceVersionDate "2014.10.17"]
[SourceQuality "1"]

1. e4 e5 2. Bc4 Nf6 3. d3 Nc6 4. Nf3 Bc5 5. 0-0 d6 6. c3 a6 7. a4 Be6 8. Na3 0-0 9. b4 Ba7 10. Re1 Ne7 11. Qb3 Bxc4 12. Nxc4 Ng6 13. Be3 Ng4 14. Bxa7 Rxa7 15. Ne3 Qd7 16. h3 Nh6 17. d4 exd4 18. cxd4 Raa8 19. Nd5 Rae8 20. Qe3 f5 21. Qb3 Kh8 22. e5 dxe5 23. dxe5 Nf7 24. Nf6 Qe6 25. Qxe6 Rxe6 26. Nd4 Rxe5 27. Nd7 Rxe1+ 28. Rxe1 Rd8 29. Nxf5 h6 30. Nc5 Nfe5 31. h4 Ng4 32. h5 Nf4 33. f3 Nf6 34. g4 Rd2 35. Re7 Nh3+ 36. Kf1 Rf2+ 37. Ke1 Rxf3 38. Nh4 Ng8 39. Rxc7 Re3+ 40. Kd2 Re8 41. Ng6+ Kh7 42. Ne6 Rxe6 43. Nf8+ Kh8 44. Nxe6 Nf2 45. Rxb7 Nxg4 46. b5 axb5 47. a5 1-0

[Event "Manizales op 21st"]
[Site "Manizales"]
[Date "2009.01.08"]
[Round "1"]
[White "Burgos Apraez, Jhon Jairo"]
[Black "Restrepo Loaiza, Luis Fernando"]
[Result "0-1"]
[WhiteElo "1643"]
[BlackElo "2181"]
[PlyCount "26"]
[EventDate "2009.01.08"]
[EventType "swiss"]
[EventRounds "7"]
[EventCountry "COL"]
[SourceTitle "CBM 128 Extra"]
[Source "ChessBase"]
[SourceDate "2009.03.05"]
[SourceVersion "2"]
[SourceVersionDate "2009.03.25"]
[SourceQuality "1"]

1. e4 c5 2. Nf3 d6 3. d3 Nc6 4. Nbd2 g6 5. g3 Bg7 6. Bg2 e6 7. a4 Nge7 8. 0-0 0-0 9. Re1 h6 10. c3 f5 11. exf5 gxf5 12. Nh4 Bd7 13. Ndf3 Qc7 0-1